00788 a2200181 45000010006000000050017000060080041000230030015000640400040000790800070001192450144001890200018003332640034003513000019003855050140004041000033005447000029005772269520260407155517.0260407a1981 arg spa dAR-UNSa-BCEJYS aAR-UNSa-BCEJYSbspacAR-UNSa-BCEJYS a336.226.2xImpuestos sobre las propiedades (Impuestos de sellos) 10aImpuesto a la circulación económica. SellospTextos ordenados 1981 de la ley 22.364 y reglamentos. Comentarios.Doctrina.Jurisprudencia. a950-14-0004-2 1aBuenos Aires :bDepalmac1981 a420 p.c23 cm. a1. Disposiciones generales - 2. Instrumentos públicos y privados - 3. Operaciones menores - 4. Excenciones - 5. Otras disposiciones. 1 aGiuliani Fonrouge, Carlos M.1 aNavarrine, Susana Camila